Statistics for Gæt landet ud fra form & flag

Click here to take the quiz!

General Stats

  • This quiz has been taken 211 times
  • The average score is 10 of 16

Answer Stats

Answer% Correct
Italien
93%
Indien
92%
Grækenland
91%
Brasilien
90%
Rusland
88%
Egypten
81%
Mexico
79%
New Zealand
76%
Kroatien
75%
Saudi Arabien
65%
Iran
64%
Panama
49%
Uruguay
49%
Liberia
19%
Brunei
15%
Mauritanien
10%

Score Distribution

Percentile by Number Answered

Percent of People with Each Score

Your Score History

You have not taken this quiz